Thirst : Fighting the corporate theft of our water
The filmmakers who made the documentary Thirst have put together an account of the push for the privatization of public water works and the pillaging of the countryside as producers of bottled water play fast and loose with the water tables. The authors spotlight eight communities that have fought b...
Đã lưu trong:
| 主要作者: | |
|---|---|
| 格式: | 圖書 |
| 語言: | Undetermined |
| 出版: |
San Francisco
Jossey-Bass
2007
|
| 主題: | |
| 標簽: |
添加標簽
沒有標簽, 成為第一個標記此記錄!
|
| Thư viện lưu trữ: | Trung tâm Học liệu Trường Đại học Cần Thơ |
|---|
| LEADER | 01192nam a2200229Ia 4500 | ||
|---|---|---|---|
| 001 | CTU_162755 | ||
| 008 | 210402s9999 xx 000 0 und d | ||
| 020 | |c 27.95 | ||
| 082 | |a 333.9100973 | ||
| 082 | |b S672 | ||
| 100 | |a Snitow, Alan | ||
| 245 | 0 | |a Thirst : | |
| 245 | 0 | |b Fighting the corporate theft of our water | |
| 245 | 0 | |c Alan Snitow, Deborah Kaufmann, Michael Fox | |
| 260 | |a San Francisco | ||
| 260 | |b Jossey-Bass | ||
| 260 | |c 2007 | ||
| 520 | |a The filmmakers who made the documentary Thirst have put together an account of the push for the privatization of public water works and the pillaging of the countryside as producers of bottled water play fast and loose with the water tables. The authors spotlight eight communities that have fought back against Big Water, and though each case is unique, there are trends. Water privatization is an expensive proposition, and many water companies are forced to "quickly slash costs and raise prices to maximize cash flow and pay down the debt. | ||
| 650 | |a Water resources development,Privatization | ||
| 650 | |x Social aspects,Social aspects | ||
| 904 | |i Giang | ||
| 980 | |a Trung tâm Học liệu Trường Đại học Cần Thơ | ||